Metóda Bootstrap pre odhad hodnôt LIC v štandarde IFRS17

Gespeichert in:
Bibliographische Detailangaben
1. Verfasser: Tušimová, Jana
Weitere Verfasser: Šoltésová, Tatiana, 1975-
Format: Buch
Sprache:Slowakisch
Veröffentlicht: Bratislava [Katedra matematiky a aktuárstva FHI] [2024]
Ausgabe:1. vydanie
Schlagworte:
Tags: Tag hinzufügen
Keine Tags, Fügen Sie das erste Tag hinzu!

MARC

LEADER 00000nlm a2200000 4500
001 0306340
005 20250121094225.6
041 0 |a slo 
044 |a SK 
245 1 0 |a Metóda Bootstrap pre odhad hodnôt LIC v štandarde IFRS17  |c Jana Tušimová, Tatiana Šoltésová 
250 |a 1. vydanie 
264 1 |a Bratislava  |b [Katedra matematiky a aktuárstva FHI]  |c [2024] 
300 |a 7 s. 
610 2 0 |a modelovanie 
610 2 0 |a modely štatistické 
610 2 0 |a jazyky programovacie 
610 2 0 |a odhady 
610 2 0 |a softvér 
610 2 0 |a udalosti poistné 
610 2 0 |a IFRS 
100 1 |a Tušimová, Jana 
700 1 |a Šoltésová, Tatiana, 1975-